Ջունգլիներում : (Record no. 86968)
[ view plain ]
| 000 -LEADER | |
|---|---|
| fixed length control field | 00962nam a2200241 a 4500 |
| 001 - CONTROL NUMBER | |
| control field | 000244471 |
| 003 - CONTROL NUMBER IDENTIFIER | |
| control field | AM-YeHGA |
| 005 - DATE AND TIME OF LATEST TRANSACTION | |
| control field | 20250618071631.0 |
| 008 - FIXED-LENGTH DATA ELEMENTS--GENERAL INFORMATION | |
| fixed length control field | 030708s1978 ai |||||||||||||||1|arm|d |
| 040 ## - CATALOGING SOURCE | |
| Original cataloging agency | AM-YeHGA |
| 041 1# - LANGUAGE CODE | |
| Language code of text/sound track or separate title | arm |
| Language code of original | rus |
| 090 ## - LOCALLY ASSIGNED LC-TYPE CALL NUMBER (OCLC); LOCAL CALL NUMBER (RLIN) | |
| -- | 88252 |
| 100 1# - MAIN ENTRY--PERSONAL NAME | |
| Personal name | Մուքերջի, Դհան |
| 245 10 - TITLE STATEMENT | |
| Title | Ջունգլիներում : |
| Remainder of title | [Վիպակներ] / |
| Statement of responsibility, etc. | Դ. Մուքերջի ; Ռուս. թարգմ.՝ Վ. Արամյան ; Խմբ.՝ Ռ. Քալաշյան. |
| 250 ## - EDITION STATEMENT | |
| Edition statement | 2-րդ հրատ. |
| 260 ## - PUBLICATION, DISTRIBUTION, ETC. | |
| Place of publication, distribution, etc. | Երևան : |
| Name of publisher, distributor, etc. | Սովետական գրող, |
| Date of publication, distribution, etc. | 1978. |
| 300 ## - PHYSICAL DESCRIPTION | |
| Extent | 203 էջ ; |
| Dimensions | 20 սմ. |
| 505 0# - FORMATTED CONTENTS NOTE | |
| Formatted contents note | Բովանդ.՝ Երիտասարդ որսորդ Հարին, Փղերի առաջնորդ Սիրդարը |
| 650 10 - SUBJECT ADDED ENTRY--TOPICAL TERM | |
| Topical term or geographic name entry element | Հնդկական գրականություն |
| General subdivision | Վիպակ |
| 700 1# - ADDED ENTRY--PERSONAL NAME | |
| Personal name | Արամյան, Վալտեր Գևորգի, |
| Dates associated with a name | 1909-1994 |
| Relator term | թարգմ. |
| Relationship | trl |
| 9 (RLIN) | 975 |
| 700 1# - ADDED ENTRY--PERSONAL NAME | |
| Personal name | Քալաշյան, Ռ.Հ. |
| Relator term | խմբ. |
| Relationship | edt |
| 942 ## - ADDED ENTRY ELEMENTS (KOHA) | |
| Source of classification or shelving scheme | Universal Decimal Classification |
| Koha item type | Գրքեր / Books |
| Withdrawn status | Lost status | Source of classification or shelving scheme | Damaged status | Not for loan | Collection | Home library | Current library | Date acquired | Total checkouts | Full call number | Barcode | Date last seen | Price effective from | Koha item type | Public note |
|---|---|---|---|---|---|---|---|---|---|---|---|---|---|---|---|
| Universal Decimal Classification | General | Fundamental Scientific Library | Fundamental Scientific Library | 22/12/2016 | AII/60048 | 220060048 | 22/12/2016 | 22/12/2016 | Գրքեր / Books | 30 Days Loan | |||||
| Universal Decimal Classification | General | Fundamental Scientific Library | Fundamental Scientific Library | 22/12/2016 | AII/60049 | 220060049 | 22/12/2016 | 22/12/2016 | Գրքեր / Books | 30 Days Loan | |||||
| Universal Decimal Classification | General | Fundamental Scientific Library | Fundamental Scientific Library | 22/12/2016 | AII/60050 | 220060050 | 22/12/2016 | 22/12/2016 | Գրքեր / Books | 30 Days Loan | |||||
| Universal Decimal Classification | General | Fundamental Scientific Library | Fundamental Scientific Library | 22/12/2016 | AII/60115 | 220060115 | 22/12/2016 | 22/12/2016 | Գրքեր / Books | 30 Days Loan |
ՀՀ Գիտությունների ազգային ակադեմիայի հիմնարար գիտական գրադարան = Fundamental Scientific Library of NAS RA
All site content, except where otherwise noted, is licensed under a